Closest Countries to Canada Quiz Stats

Quiz Updated Oct 13, 2016

Challenge
Share
Tweet
Embed
Score 0/20 Timer 03:00
13 Plays Today
Distance Country % Correct
0 kmUnited States
99.8%
1,836 kmMexico
95%
1,234 kmRussia
93.9%
1,226 kmUnited Kingdom
85.1%
1,638 kmIceland
83.4%
19 kmDenmark
81.5%
2,054 kmCuba
76.9%
6 kmFrance
76.6%
1,187 kmNorway
70.8%
2,352 kmSweden
68.1%
Distance Country % Correct
2,342 kmFinland
64.7%
2,572 kmHaiti
63.6%
2,616 kmJamaica
63%
1,650 kmBahamas
61.4%
2,636 kmDominican Republic
60.3%
2,725 kmGuatemala
53.1%
2,634 kmBelize
51.5%
2,701 kmHonduras
46.7%
1,927 kmPortugal
46.1%
2,829 kmNetherlands
42.2%

You're not logged in!

Compare scores with friends on all Sporcle quizzes.
Join for Free
OR
Log In

You Might Also Like...

Show Comments

Extras

Top Quizzes Today


Score Distribution

Your Account Isn't Verified!

In order to create a playlist on Sporcle, you need to verify the email address you used during registration. Go to your Sporcle Settings to finish the process.

Report this User

Report this user for behavior that violates our Community Guidelines.

Details: